Anna Karenina /
Slavný psychologický román ruského klasika v rámci příběhu tragické lásky provdané ženy řeší mnoho závažných problémů ruské společnosti devatenáctého století. Zkrácené a zjednodušené vydání.
Uloženo v:
| Hlavní autor: | |
|---|---|
| Další autoři: | , |
| Médium: | E-kniha |
| Jazyk: | Russian Czech |
| Vydáno: |
Brno :
Edika,
2019
|
| Vydání: | 2. vydání |
| Edice: | Dvojjazyčná kniha (Edika)
|
| Témata: | |
| On-line přístup: | Audionahrávka ve formátu MP3 na |
| Tagy: |
Žádné tagy |
| LEADER | 03187cam a2200601 i 4500 | ||
|---|---|---|---|
| 001 | 311062 | ||
| 003 | CZ PrSKC | ||
| 005 | 20260601215659.0 | ||
| 007 | ta | ||
| 008 | 190524s2019 xr a g 000 f rusod | ||
| 015 | |a cnb003099531 | ||
| 020 | |a 9788026613923 |q (brožováno) : |c Kč 299,00 | ||
| 035 | |a (OCoLC)1111978365 | ||
| 040 | |a KLG001 |b cze |d ABG001 |d BOA001 |e rda | ||
| 041 | 1 | |a rus |a cze |h rus | |
| 072 | 7 | |a 811.161.1 |x Ruština |2 Konspekt | |
| 072 | 7 | |a 821.161.1 |x Ruská literatura, rusky psaná |2 Konspekt | |
| 080 | |a 821.161.1-31 |2 MRF | ||
| 080 | |a 811.161.1 |2 MRF | ||
| 080 | |a 028.4-028.31/.32 |2 MRF | ||
| 080 | |a (0:82-31) |2 MRF | ||
| 080 | |a (0.027)=030 |2 MRF | ||
| 100 | 1 | |a Podlesnych, Alena, |d 1972- |7 mzk2008442721 |4 aut | |
| 245 | 1 | 0 | |a Anna Karenina / |c Lev Tolstoj ; pro výuku upravila: Aljona Podlesnych ; překlad: Jana Hrčková |
| 250 | |a 2. vydání | ||
| 264 | 1 | |a Brno : |b Edika, |c 2019 | |
| 300 | |a 197 stran : |b ilustrace ; |c 21 cm | ||
| 336 | |a text |b txt |2 rdacontent | ||
| 337 | |a bez média |b n |2 rdamedia | ||
| 338 | |a svazek |b nc |2 rdacarrier | ||
| 490 | 1 | |a Dvojjazyčná kniha | |
| 520 | 2 | |a Slavný psychologický román ruského klasika v rámci příběhu tragické lásky provdané ženy řeší mnoho závažných problémů ruské společnosti devatenáctého století. Zkrácené a zjednodušené vydání. |b Zpracování světoznámého románu se snaží zpřístupnit středně pokročilým studentům ruštiny tragický příběh ženy, která se nebála kvůli lásce vymknout konvencím doby. V publikaci najdete zkrácený příběh v jazyce originálu, zrcadlový český překlad, komentáře gramatických a lexikálních jevů a poznámky k ruským historickým a současným reáliím. Audionahrávka, na níž text vypráví rodilá mluvčí, je k dispozici zdarma na stránkách nakladatelství. | |
| 546 | |a Ruský text se souběžným českým překladem | ||
| 650 | 0 | 7 | |a ruština |7 ph125351 |2 czenas |
| 650 | 0 | 7 | |a zjednodušená četba |7 ph656682 |2 czenas |
| 650 | 0 | 9 | |a Russian language |2 eczenas |
| 650 | 0 | 9 | |a simplified reading |2 eczenas |
| 655 | 7 | |a ruské romány |7 fd133320 |2 czenas | |
| 655 | 7 | |a dvojjazyčná vydání |7 fd194533 |2 czenas | |
| 655 | 9 | |a Russian fiction |2 eczenas | |
| 655 | 9 | |a bilingual editions |2 eczenas | |
| 700 | 1 | |a Hrčková, Jana |7 pag2008474927 |4 trl | |
| 700 | 1 | |i Adaptace díla: |a Tolstoj, Lev Nikolajevič, |d 1828-1910. |t Anna Karenina |7 aun2010603429 | |
| 700 | 1 | 2 | |a Podlesnych, Alena, |d 1972- |t Anna Karenina |
| 700 | 1 | 2 | |a Podlesnych, Alena, |d 1972- |t Anna Karenina. |l Česky |
| 830 | 0 | |a Dvojjazyčná kniha (Edika) | |
| 856 | 4 | 2 | |3 Audionahrávka ve formátu MP3 na |u https://www.albatrosmedia.cz/tituly/55574091/anna-karenina/ |4 N |
| 900 | |a ABA001 |b 20 | ||
| 928 | 9 | |a Albatros Media - Edika | |
| 044 | |a xr | ||
| 910 | |a RBIT002 | ||
| 998 | |d 185514 |a https://core.palmknihy.cz/api/books/185514/cover?ptn9cy |b https://core.palmknihy.cz/api/books/185514/cover/400?ptn9cy |c https://core.palmknihy.cz/api/books/185514/cover/50?ptn9cy |e 2079-10-12 |g 200 |i 9788026613923 |k https://core.palmknihy.cz/api/books/185514/preview.pdf |l |q 49 |r 1 |s https://www.palmknihy.cz/kniha/185514 |t ebook |y 2019 |z 0 | ||
| 999 | |d 311060 | ||